[Event "2BLW 1920 SC Siegburg - SC Remagen Sinz"]
[Site "?"]
[Date "2021.08.08"]
[Round "9.8"]
[White "Breest, Axel"]
[Black "Suranyi, Pal"]
[Result "0-1"]
[WhiteElo "2018"]
[BlackElo "2011"]
[PlyCount "52"]
[EventDate "2021.??.??"]

1. e4 c5 2. Nc3 d6 3. f4 g6 4. Nf3 Bg7 5. Bc4 e6 6. O-O Ne7 7. Qe1 Nbc6 8. d3
O-O 9. f5 d5 10. Bb3 c4 11. dxc4 dxe4 12. f6 Bxf6 13. Nxe4 Bg7 14. Bg5 f6 15.
Rd1 Qc7 16. Bc1 Na5 17. g4 Nxb3 18. axb3 e5 19. Qh4 Bd7 20. Rd6 g5 21. Bxg5
fxg5 22. Nfxg5 Rxf1+ 23. Kxf1 h6 24. Rxh6 Rf8+ 25. Nf6+ Bxf6 26. Rg6+ Bg7+ 0-1